DS supported languages - Statistics

General Stats
  • This quiz has been taken 29 times
  • The average score is 8 of 8
Answer Stats
% Correct
JEACK English
100%
JEACK French
100%
JEAK Japanese
100%
K Korean
100%
C Chinese
96%
JEACK German
96%
JEACK Spanish
96%
JEAC Italian
92%
No matching quizzes found
Score Distribution
Percent of People with Each Score
Percentile by Number Answered
Your Score History
You have not taken this quiz